000 00565cam a22002291 4500
001 sa 68000415
003 DLC
005 20260227112423.0
008 940615s1966 pk j 000 0 urdo
010 _asa 68000415
025 _aPL480:P-U-1737
035 _a(OCoLC)30612886
040 _aDLC
_cCU
_dCU
_dDLC
042 _apremarc
050 0 0 _aDS234
_b.A13
100 0 _aAbdur Rasul,
_d1932-
245 1 0 _aTārik̲h̲-i Islām.
260 _c[1966]
300 _a575 p.
_bgeneal. table.
_c22 cm.
500 _aIn Urdu.
651 0 _aIslamic Empire
_xHistory.
999 _c77196
_d77196